000 02042nam0a2200385 4500
001 RU\NLR\BIBL_A\012175512
005 20200130150407.0
010 _a978-5-4491-0479-3
_9300
021 _aRU
_bКН-П-19-092428
_9КН-П-19-6765
035 _a(NLR Aleph) 012175512
035 _a(RuMoRGB)010184113
090 _a12260360
_c12260360
100 _a20191230d2019 um y0rusy50 ca
101 0 _arus
102 _aRU
105 _aa|||z|||000zy
200 1 _aДинамика вращательного движения
_eметодическое руководство
_e[набор демонстрационный]
_fПоваляев О. А., Ханнанов Н. К., Хоменко С. В.
210 _aМосква
_cDelibri
_d2019
215 _a33, [2] с.
_cцв. ил.
_d29
225 1 _aНаучные развлечения
300 _aВ вып. дан. и в макете загл.: Динамика вращательного движения. Набор демонстрационный
300 _aНа обороте тит. л. авт.: к.т.н. Поваляев О. А., к.х.н. Ханнанов Н. К., к.ф.-м.н. Хоменко С. В.
517 1 _aДинамика вращательного движения. Набор демонстрационный
606 1 _aФизика
_xДемонстрации на уроках
_xСредняя школа
_jМетодические пособия
_2nlr_sh2
_3RU\NLR\AUTH\661146854
606 1 _aВращательное движение
_xИзучение в школе
_jМетодические пособия
_2nlr_sh2
_3RU\NLR\AUTH\66282141
686 1 _aЧ426.51-253.1я8
686 1 _aЧ426.51-1я8
700 1 _aПоваляев
_bО. А.
_gОлег Александрович
701 1 _aХаннанов
_bН. К.
_gНаиль Кутдусович
701 1 _aХоменко
_bС. В.
_gСергей Васильевич
942 _cBOOK
980 _aNBR
980 _aNB